000 00535nam a22002177a 4500
003 UA-OsUOA
001 43633
007 ta
008 20070117b un ||||| |||| 00| 0 ukr d
100 _aТабакера В.
090 _a908
_bТ-11
942 _cSA
040 _aUA-OsUOA
_bukr
_cUA-OsUOA
_dUA-OsUOA
245 _aЧерговий доробок Острозьких музейників
300 _aС.6
955 _a0
041 _aukr
080 _a908
773 0 _w43632
650 7 _a908 Краєзнавство
_2UDC
999 _c329754
_d329754